000 00778nam a2200253 a 4500
001 000002618
003 DO-SdBPM
005 20241016095247.0
008 090703s2009 dr 001 0 spa d
020 _a9789945860276
040 _a DO-SdBPM
_bspa
_cBPMSU
082 4 _a158.1
_bR758r 2009
_222
100 1 _aRomán, Rafael Antonio,
_d1963-
245 1 0 _aReflexiones /
_cRafael Antonio Román ; prólogo Carlos de los Ángeles.
260 _aSanto Domingo :
_bCuesta-Veliz Ediciones,
_c2009.
300 _a164 p. ;
_c21 cm.
590 _aInventariado, 2024/VM
650 4 _aAutorrealización (psicología)
650 4 _aConsejería
650 4 _aAutoestima
700 1 _aÁngeles, Carlos de los,
_eprólogo
910 _aVMateo V. Control de calidad BPMSU
942 _2ddc
_cBK
999 _c12551
_d12551